Jurassic World: Rebirth Dinos - Statistics

General Stats
  • This quiz has been taken 179 times
  • The average score is 12 of 19
Answer Stats
Hint Answer % Correct
Ugliest Dinosaur Ever/Looks Like It's From Godzilla Distortus Rex
99%
Clever Girl Velociraptor
93%
This one makes sharks less scary Mosasaurus
91%
What's a Jurassic World movie without this guy? Tyrannosaurus Rex
90%
SAILing for adventure. Be right BACK. Spinosaurus
86%
Bumpy Ankylosaurus
84%
Remember which one Nedry was Killed by? Dilophosaurus
82%
Biggest Sauropod (longneck) ever Titanosaurus
79%
Combination of Velociraptor and Pteranodon Mutadon
72%
Begins with the 17th letter of the Alphabet and flies Quetzalcoatlus
72%
They may be little, but that doesn’t mean that they won’t hurt you Compsognathus
67%
Just once! Can’t they just put Pterodactyls in this gosh darn franchise Pteranodon
60%
Dolores Aquilops
55%
Shown dead on a fishing boat Dunkleosteus
35%
Ducky was one Parasaurolophus
35%
Who doesn’t play with longnecks (I know that’s from The Land Before Time, but I couldn’t think of anything else) Triceratops
34%
Apatosaurus Brontosaurus
32%
An onyx eating berries Baryonyx
30%
Looks like a flying Frog Anurognathus
25%
No matching quizzes found
Score Distribution
Percent of People with Each Score
Percentile by Number Answered
Your Score History
You have not taken this quiz